Statistics for Famous People Anagram Quiz

Click here to take the quiz!

General Stats

  • This quiz has been taken 51 times
  • The average score is 3 of 12

Answer Stats

AnagramAnswer% Correct
bet he ovenBeethoven
79%
arab cab amokBarack Obama
50%
mr mojo risin'Jim Morrison
48%
sweaty kenKanye West
26%
a glad gayLady Gaga
26%
valid mi turnipVladimir Putin
26%
rebel pigsSpielberg
19%
loader filthAdolf Hitler
14%
sauna jock smellSamuel L Jackson
12%
club one sirBerlusconi
7%
a train tonTarantino
7%
severe ill spyElvis Presley
5%

Score Distribution

Percentile by Number Answered

Percent of People with Each Score

Your Score History

You have not taken this quiz